000 00394nam a2200157 a 4500
001 2577
005 20140414132015.0
008 040201s19uu xx 00 eng d
020 _a0-571-15081-0
050 _aTR
_bB35 1990
100 _aRidell, Chris
245 _aThe bear dance /
_cChris Ridell.
260 _aBelgium :
_bProost Int'l. Book,
_c1990.
300 _ap. ; cm.
999 _c113348
_d113348